| 000 | 00684nam a2200193 i 4500 | ||
|---|---|---|---|
| 001 | 169326 | ||
| 003 | ES-MaACL | ||
| 005 | 20240505063026.0 | ||
| 008 | 080901s1970 sp |||| | spa d | ||
| 080 | _a811.134.2'373.6 | ||
| 100 | 1 |
_aGarcía de Diego, Vicente, _d1878-1978 _954421 |
|
| 245 | 1 | 0 |
_aNombres de acción / _cVicente García de Diego. |
| 260 |
_aMadrid : _b[Real Academia de la Historia], _c1970. |
||
| 300 |
_aP. [19]-29 ; _c24 cm. |
||
| 595 | _aSeparata de: Boletín de la Real Academia Española, t. L, cuaderno CLXXXIX, en.-abril 1970. | ||
| 650 | 1 | 4 |
_aLengua española- _xEtimología _914156 |
| 852 |
_aES-MaACL _j2233-F-23 |
||
| 999 |
_c169326 _d169326 |
||